|
|
|
|
| LEADER |
00000nam a2200000 a 4500 |
| 001 |
vtls001476224 |
| 003 |
SK-MaSNL |
| 005 |
20260301073910.0 |
| 008 |
240318s2004 xo l d p 000 0 slo |
| 015 |
|
|
|a SNBA2004/12-06607
|
| 020 |
|
|
|a 8080731225
|q (brož.)
|
| 035 |
|
|
|a SNK000431525
|
| 035 |
|
|
|a urn:nbn:sk:snk-amyfdf
|
| 035 |
|
|
|a urn:nbn:sk:snk-am00chkm
|
| 035 |
|
|
|a BC13B030-E4C0-4961-8CF6-97928871074B
|
| 040 |
|
|
|a SNK
|b slo
|c SNK
|e AACR2
|
| 041 |
0 |
|
|a slo
|
| 044 |
|
|
|a xo
|c SK
|
| 072 |
|
7 |
|a 54
|x Chémia
|2 konspekt
|
| 080 |
|
|
|a 54
|2 MDT-MRF
|
| 080 |
|
|
|a (075.8)
|2 MDT-MRF
|
| 100 |
1 |
|
|a Kyseľová, Katarína
|4 aut
|9 13304
|
| 245 |
1 |
0 |
|a Chémia pre študentov 1. ročníka F BERG
|c Katarína Kyseľová
|
| 250 |
|
|
|a 1. vyd.
|
| 260 |
|
|
|a Košice
|b Technická univerzita
|c 2004
|
| 300 |
|
|
|a 115 s.
|b ilustr., sch., tab.
|c 29 cm
|
| 500 |
|
|
|a 100 výtl.
|
| 504 |
|
|
|a Bibliogr. odkazy
|
| 650 |
0 |
7 |
|a chémia
|2 SNKPH
|9 749
|
| 655 |
|
7 |
|a učebnice vysokých škôl
|2 SNKPH
|9 70191
|
| 919 |
|
|
|a 80-8073-122-5
|
| 958 |
|
|
|a OND
|
| 968 |
|
|
|d 53+54
|
| 999 |
|
|
|c 645521
|d 647451
|
| 952 |
|
|
|t P60, <03>, [BOOK], {603}, -K-
|a SNK
|b SNK
|y PREZ
|7 0
|p 17A0432565
|o snkSB 68681
|i snkKSP 7520/2004
|0 0
|1 0
|4 0
|d 2004-06-07
|f 1
|l 0
|r 2017-06-30 00:00:00
|w 2026-02-23
|
| 952 |
|
|
|t P60, <04>, [BOOK], {604}
|a SNK
|b SNK
|y VYP
|7 0
|p 17A0432564
|o snkSB 68681 D1
|i snkKSP 7521/2004
|0 0
|1 0
|4 0
|d 2004-06-07
|l 0
|r 2005-01-02 00:00:00
|w 2026-02-23
|